Dilema inovátora keď sú nové technológie príčinou zlyhania veľkých firiem
Guardado en:
| Autor principal: | |
|---|---|
| Formato: | Libro |
| Lenguaje: | eslovaco |
| Publicado: |
Bratislava
United Philanthropy
2022
|
| Edición: | 1. vydanie |
| Materias: | |
| Etiquetas: |
Sin Etiquetas, Sea el primero en etiquetar este registro!
|
MARC
| LEADER | 00000nam a2200000 4500 | ||
|---|---|---|---|
| 001 | 0286409 | ||
| 005 | 20240416114152.8 | ||
| 020 | |a 978-80-973639-1-8 | ||
| 041 | 0 | |a slo | |
| 044 | |a SK | ||
| 245 | 1 | 0 | |a Dilema inovátora |b keď sú nové technológie príčinou zlyhania veľkých firiem |c Clayton M. Christensen |
| 250 | |a 1. vydanie | ||
| 264 | 1 | |a Bratislava |b United Philanthropy |c 2022 | |
| 300 | |a 313 s. | ||
| 610 | 2 | 0 | |a inovácie technologické |
| 610 | 2 | 0 | |a technológie nové |
| 610 | 2 | 0 | |a hodnota |
| 610 | 2 | 0 | |a veľkosť podnikov |
| 610 | 2 | 0 | |a trhy |
| 610 | 2 | 0 | |a dopyt trhový |
| 610 | 2 | 0 | |a cyklus výrobku životný |
| 100 | 1 | |a Christensen, Clayton M. | |